000 00501nam a2200181 4500
001 115871
003 ES-MaACL
005 20231228173804.0
007 t|
008 061121s1966 sp r ||||1| spa d
100 1 _aOrs, Eugenio d',
_d1881-1954
_987358
245 1 0 _aCrónicas de la ermita /
_cEugenio d'Ors.
250 _a1ª. ed.
260 _aBarcelona :
_bPlaza & Janés,
_c1966.
300 _a262 p. ;
_c19 cm.
852 _aES-MaACL
_jC-32183
_bR.70213
999 _c115871
_d115871